Investigating Gang Structures

Gespeichert in:  
Bibliographische Detailangaben
VerfasserInnen: Maxson, Cheryl L. (Verfasst von) ; Klein, Malcolm W. 1930-2023 (Verfasst von)
Medienart: Elektronisch Aufsatz
Sprache:Englisch
Veröffentlicht: 1995
In:Enthalten in: Journal of Gang Research 3(1995), 1
Online-Zugang: Volltext (lizenzpflichtig)
Verfügbarkeit prüfen: HBZ Gateway

MARC

LEADER 00000caa a22000002c 4500
001 191259773X
003 DE-627
005 20250126055019.0
007 cr uuu---uuuuu
008 241217s1995 xx |||||o 00| ||eng c
035 |a (DE-627)191259773X 
035 |a (DE-599)KXP191259773X 
040 |a DE-627  |b ger  |c DE-627  |e rda 
041 |a eng 
084 |a 2,1  |2 ssgn 
100 1 |a Maxson, Cheryl L.  |e VerfasserIn  |0 (DE-588)1047262983  |0 (DE-627)777920689  |0 (DE-576)164850961  |4 aut 
109 |a Maxson, Cheryl L. 
245 1 0 |a Investigating Gang Structures 
264 1 |c 1995 
336 |a Text  |b txt  |2 rdacontent 
337 |a Computermedien  |b c  |2 rdamedia 
338 |a Online-Ressource  |b cr  |2 rdacarrier 
500 |a 1079-3062 
700 1 |a Klein, Malcolm W.  |d 1930-2023  |e VerfasserIn  |0 (DE-588)1044264748  |0 (DE-627)771714343  |0 (DE-576)161730884  |4 aut 
773 0 8 |i Enthalten in  |t Journal of Gang Research  |g 3(1995), 1 
773 1 8 |g volume:3  |g year:1995  |g number:1 
787 0 8 |i Forschungsdaten  |a Klein, Malcolm W.  |t Prevalence of Five Gang Structures in 201 Cities in the United States, 1992 and 1995  |d [Erscheinungsort nicht ermittelbar] : [Verlag nicht ermittelbar], 2000  |w (DE-627)1840064722 
856 4 0 |u https://www.ncjrs.gov/App/Publications/abstract.aspx?ID=158704  |x Verlag  |z lizenzpflichtig  |3 Volltext  |7 1 
935 |a mkri 
951 |a AR 
ELC |a 1 
LOK |0 000 xxxxxcx a22 zn 4500 
LOK |0 001 4637563259 
LOK |0 003 DE-627 
LOK |0 004 191259773X 
LOK |0 005 20241217044623 
LOK |0 008 241217||||||||||||||||ger||||||| 
LOK |0 035   |a (DE-2619)ICPSR20581 
LOK |0 040   |a DE-2619  |c DE-627  |d DE-2619 
LOK |0 092   |o n 
LOK |0 852   |a DE-2619 
LOK |0 852 1  |9 00 
LOK |0 935   |a uvkn  |a nacp 
LOK |0 939   |a 17-12-24  |b l01 
ORI |a SA-MARC-krimdoka001.raw